000 00618nam a2200193 a 4500
001 3841
005 20140414131851.0
008 040603s19uu xx 00 eng d
050 _aM 551.57
_bAr8 1987
100 _aArvetis, Chris
245 _aWhy does it rain /
_cChris Arvetis ; illustrated by James Buckley.
260 _aMiddletown, CT :
_bField Publications,
_c1987.
300 _a1 v. (unp.) : ill. ; cm.
440 _aA just ask book
520 _aExplains in simple terms the reason for rainfall.
650 _aRain and rainfall
_xJuvenile literature.
650 _a Rain and rainfall.
999 _c110186
_d110186